000
00284nam a2200085Ia 4500
008
170620s9999 xx 000 0 und d
100
_a
Rao- Digumarti Bhaskara
245
0
_a
Issues in School Education- The Views of Legendary Educator Marlow Ediger
260
_b
New Delhi- Discovery Publishing House
260
_c
2003
999
_c
24408
_d
24408